000 00575nam a22001935i 4500
001 53228
003 ES-MaACL
005 20250730063106.0
007 t|
008 940202s1867 sp a ||||1| spa d
040 _aCAM
_bspa
100 1 _aDupanloup, Félix,
_d1802-1878
_946079
245 1 3 _aLa predicación popular /
_cpor Monseñor Dupanloup... ; traducida por D.L.R.
260 _aMadrid :
_bR. Labajos,
_c1867.
300 _a551 p. :
_b[1] h. de lám. ;
_c23 cm.
650 1 4 _aPredicación.
_916342
852 _aES-MaACL
_jG-9108
999 _c53228
_d53228